| 000 | 01584cad a22002295a 4500 | ||
|---|---|---|---|
| 001 | L154996 | ||
| 008 | 120215e20120214xxkd f s f000 0 eng d | ||
| 035 | _a(Sirsi) u154996 | ||
| 041 | 0 | _aeng | |
| 110 | 1 |
_aUnited Kingdom _bDepartment for Communities and Local Government _94939 |
|
| 245 | 0 | 0 |
_aHouse price index _bDecember 2011 _h[electronic resource] |
| 260 |
_aLondon _bDCLG _c2012 |
||
| 490 | 0 |
_aDCLG House Price Index _vDecember 2011 |
|
| 520 | _aUK house prices increased by 0.1% since December 2010 and by 0.4% since November 2011. The mix-adjusted average house price was £205 269 in December 2011 (not seasonally adjusted). UK house prices increased by 0.4% in the quarter ending December 2011 compared with 0.6% in the quarter ending September 2011(seasonally adjusted). Annual average house prices increased by 0.5% in England but fell by 4.6% in Scotland, 1.6% in Wales and 8.1% in Northern Ireland. Annual average house prices paid by first time buyers in December were 1.6% higher than a year ago. Average house prices paid by former owner occupiers decreased by 0.5%. Annual average house prices paid for new properties in December 2011 were 9.5% higher than a year ago. By comparison average house prices paid on pre-owned dwellings were 0.6% lower. | ||
| 521 | _aAdvanced | ||
| 590 | _aKA NTK | ||
| 650 | 2 | 4 | _aDCLG HOUSE PRICE INDEX |
| 651 | 4 |
_aUnited Kingdom _y |
|
| 690 |
_aResidential property _96266 |
||
| 856 | 4 | 0 |
_uhttps://www.communities.gov.uk/documents/statistics/pdf/2088161.pdf _zView this item free of charge at www.communities.gov.uk |
| 942 | _n0 | ||
| 999 |
_c113276 _d113276 |
||